[Event "III Trofeo Antica Scuola Napoletana A"]
[Site "Napoli ITA"]
[Date "2015.01.08"]
[Round "4"]
[White "Minopoli, Francesco"]
[Black "Caiazzo, Diego"]
[WhiteElo "1741"]
[BlackElo "1748"]
[Result "1/2-1/2"]
[PlyCount "67"]
[EventDate "2014.12.04"]

1. Nf3 Nf6 2. g3 g6 3. Bg2 Bg7 4. O-O O-O 5. d3 d6 6. Nbd2 Nbd7 7. e4 c5 8. c3
Qc7 9. Qc2 Rb8 10. Re1 Ng4 11. Nc4 b5 12. Ne3 Nxe3 13. Bxe3 a5 14. Rac1 Ne5 15.
Nxe5 Bxe5 16. Bh6 Bg7 17. Bxg7 Kxg7 18. d4 Bb7 19. Qe2 c4 20. e5 dxe5 21. Qxe5+
Qxe5 22. Rxe5 Bxg2 23. Kxg2 e6 24. a4 bxa4 25. Rxa5 Rxb2 26. Rxa4 Rc8 27. Re1
Rc2 28. Re3 Rc7 29. Kf3 Kf6 30. h3 h5 31. g4 hxg4+ 32. hxg4 Rc6 33. Rb4 Rc1 34.
Ra4 1/2-1/2

[Event "III Trofeo Antica Scuola Napoletana A"]
[Site "Napoli ITA"]
[Date "2015.01.08"]
[Round "4"]
[White "Solombrino, Giovanni"]
[Black "Esposito, Rosario"]
[WhiteElo "1844"]
[BlackElo "1807"]
[Result "1/2-1/2"]
[PlyCount "47"]
[EventDate "2014.12.04"]

1. e4 c5 2. Nf3 e6 3. d4 cxd4 4. Nxd4 Nc6 5. Nc3 Qc7 6. f4 a6 7. Nxc6 bxc6 8.
Bd3 g6 9. O-O Bb7 10. Be3 c5 11. e5 d5 12. exd6 Bxd6 13. Be4 O-O-O 14. Qf3 Nf6
15. Bxb7+ Qxb7 16. Qe2 Nd5 17. Ne4 Nxe3 18. Nxd6+ Rxd6 19. Qxe3 Rd5 20. Rad1
Rhd8 21. Rxd5 Qxd5 22. c3 Kc7 23. b4 Kc6 24. Qe2 1/2-1/2

[Event "III Trofeo Antica Scuola Napoletana A"]
[Site "Napoli ITA"]
[Date "2015.01.08"]
[Round "4"]
[White "Somma, Erminio"]
[Black "Capozzoli, Silvio"]
[WhiteElo "1511"]
[BlackElo "1620"]
[Result "1-0"]
[PlyCount "63"]
[EventDate "2014.12.04"]

1. d4 g6 2. Nf3 Bg7 3. e4 e6 4. Bd3 d6 5. O-O Ne7 6. Re1 O-O 7. Bg5 h6 8. Be3
Nd7 9. Qd2 Kh7 10. h4 Nf6 11. Nh2 e5 12. d5 Nxe4 13. Bxe4 f5 14. Bf3 e4 15. Bd4
exf3 16. Bxg7 Kxg7 17. Qd4+ Kg8 18. c4 b6 19. Nxf3 Rf7 20. Nc3 Qf8 21. Nb5 f4
22. Nxc7 Nf5 23. Qxf4 Rb8 24. Re8 Qxe8 25. Nxe8 Bd7 26. Nxd6 Nxd6 27. Qxd6 Rbf8
28. Qxg6+ Rg7 29. Qxh6 Bf5 30. Qe3 Bg4 31. Nh2 Bh5 32. f3 1-0

[Event "III Trofeo Antica Scuola Napoletana A"]
[Site "Napoli ITA"]
[Date "2015.01.15"]
[Round "5"]
[White "Buonanno, Raffaele"]
[Black "Solombrino, Giovanni"]
[WhiteElo "1689"]
[BlackElo "1844"]
[Result "1-0"]
[PlyCount "83"]
[EventDate "2014.12.04"]

1. d4 Nf6 2. c4 g6 3. Nc3 d5 4. cxd5 Nxd5 5. e4 Nxc3 6. bxc3 Bg7 7. Bc4 c5 8.
Ne2 Nc6 9. Be3 O-O 10. Rc1 Qa5 11. Kf1 b5 12. Bd5 Bb7 13. h4 h5 14. g4 e6 15.
Bb3 cxd4 16. cxd4 Ne7 17. gxh5 Bxe4 18. Rg1 Rac8 19. hxg6 Bxg6 20. Nf4 Rxc1 21.
Qxc1 Rc8 22. Qd1 Bf5 23. Nh5 Bh3+ 24. Ke2 Nf5 25. Nxg7 Nxg7 26. Bh6 b4 27.
Rxg7+ Kh8 28. Bc2 Qh5+ 29. Ke1 Qxh6 30. Rh7+ Qxh7 31. Bxh7 Kxh7 32. Qd3+ Bf5
33. Qa6 Rc1+ 34. Ke2 Rc7 35. Qa4 Kg6 36. Qxb4 Rc2+ 37. Kf3 Rxa2 38. Qb3 Ra5 39.
Qb8 Ra3+ 40. Kg2 a5 41. Qg8+ Kf6 42. Qg5# 1-0

[Event "III Trofeo Antica Scuola Napoletana A"]
[Site "Napoli ITA"]
[Date "2015.01.15"]
[Round "5"]
[White "Caiazzo, Diego"]
[Black "Somma, Erminio"]
[WhiteElo "1748"]
[BlackElo "1511"]
[Result "1/2-1/2"]
[PlyCount "76"]
[EventDate "2014.12.04"]

1. e4 d5 2. exd5 Qxd5 3. Nc3 Qa5 4. Nf3 Bf5 5. Be2 e6 6. O-O Bb4 7. Nd4 Bxc3 8.
Nxf5 Bf6 9. Ne3 Ne7 10. Bf3 c6 11. c3 Qc7 12. d4 Nd5 13. Nxd5 cxd5 14. g3 O-O
15. Bf4 Qd8 16. Qb3 b6 17. Rad1 Bg5 18. Bxg5 Qxg5 19. h4 Qf5 20. Bg2 Nc6 21.
Rc1 Na5 22. Qc2 Qxc2 23. Rxc2 Nc4 24. Rd1 Rac8 25. Bf1 Nd6 26. Bd3 b5 27. Rdc1
Rc7 28. Kg2 f5 29. Re1 Re7 30. Rce2 Rf6 31. Re5 Kf7 32. f3 h6 33. Ra1 Nc4 34.
Bxc4 bxc4 35. f4 Kg6 36. Rae1 Kf7 37. R1e2 Rb7 38. Rc2 h5 1/2-1/2

[Event "III Trofeo Antica Scuola Napoletana A"]
[Site "Napoli ITA"]
[Date "2015.01.15"]
[Round "5"]
[White "De Lucia, Alfredo"]
[Black "Ghiani, Marco"]
[WhiteElo "1544"]
[BlackElo "1699"]
[Result "0-1"]
[PlyCount "48"]
[EventDate "2014.12.04"]

1. e4 c6 2. Nc3 d5 3. exd5 cxd5 4. d4 Bf5 5. Nf3 e6 6. a4 a6 7. Be2 Bd6 8. O-O
Nf6 9. Bg5 h6 10. Bh4 Qc7 11. Re1 Nc6 12. Bd3 Bxd3 13. cxd3 O-O 14. Rc1 Nd7 15.
Bg3 Bxg3 16. fxg3 Qb6 17. Qe2 Nxd4 18. Nxd4 Qxd4+ 19. Kh1 Rac8 20. Qd1 Nc5 21.
Ne2 Qxd3 22. Qxd3 Nxd3 23. Rxc8 Rxc8 24. Rb1 Rc2 0-1

[Event "III Trofeo Antica Scuola Napoletana A"]
[Site "Napoli ITA"]
[Date "2015.01.15"]
[Round "5"]
[White "Esposito, Rosario"]
[Black "Angelotti, Mario"]
[WhiteElo "1807"]
[BlackElo "1716"]
[Result "1-0"]
[PlyCount "37"]
[EventDate "2014.12.04"]

1. d4 Nf6 2. c4 e6 3. Nc3 Bb4 4. f3 d5 5. a3 Be7 6. e4 O-O 7. Be3 c6 8. e5 Ne8
9. Qd2 f6 10. f4 f5 11. O-O-O Nd7 12. h3 a6 13. g4 c5 14. cxd5 cxd4 15. Bxd4
Bc5 16. dxe6 Bxd4 17. Qxd4 Qb6 18. exd7 Qxd4 19. Rxd4 1-0

[Event "III Trofeo Antica Scuola Napoletana A"]
[Site "Napoli ITA"]
[Date "2015.01.15"]
[Round "5"]
[White "Ficco, Corrado"]
[Black "Auletta, Angelo"]
[WhiteElo "2038"]
[BlackElo "2154"]
[Result "0-1"]
[PlyCount "92"]
[EventDate "2014.12.04"]

1. c4 Nf6 2. g3 g6 3. Bg2 d5 4. cxd5 Nxd5 5. Nc3 Nb6 6. Nf3 Bg7 7. d4 O-O 8.
O-O Nc6 9. d5 Na5 10. e4 c6 11. Nd4 Bd7 12. Bg5 h6 13. Be3 Nac4 14. Qe2 Nxe3
15. fxe3 cxd5 16. exd5 Rc8 17. Rac1 Nc4 18. Nc6 bxc6 19. Qxc4 cxd5 20. Qxd5 Be6
21. Qxd8 Rfxd8 22. Be4 Rc4 23. Bb1 Rdc8 24. Rf4 R4c5 25. Ra4 Bxc3 26. Rxc3 Rxc3
27. bxc3 Rxc3 28. Kf2 Rc7 29. Bd3 Rb7 30. Kf3 h5 31. e4 Rb2 32. Rxa7 Rxh2 33.
a4 Bg4+ 34. Ke3 Rg2 35. a5 Rxg3+ 36. Kd4 e5+ 37. Kc4 Be6+ 38. Kc3 h4 39. a6 h3
40. Ra8+ Kg7 41. a7 h2 42. Rh8 Kxh8 43. a8=Q+ Kg7 44. Qb8 Rxd3+ 45. Kxd3 h1=Q
46. Qxe5+ Kh7 0-1

[Event "III Trofeo Antica Scuola Napoletana A"]
[Site "Napoli ITA"]
[Date "2015.01.15"]
[Round "5"]
[White "Freda, Guido"]
[Black "Minopoli, Francesco"]
[WhiteElo "1630"]
[BlackElo "1741"]
[Result "1-0"]
[PlyCount "55"]
[EventDate "2014.12.04"]

1. d4 Nf6 2. c4 g6 3. Nc3 Bg7 4. Nf3 O-O 5. Bf4 d6 6. h3 Nbd7 7. e3 c5 8. d5
Qa5 9. Qd2 a6 10. Ne4 Qc7 11. Bd3 Nh5 12. O-O Rb8 13. Nc3 f5 14. Rab1 Nb6 15.
b4 cxb4 16. Rxb4 a5 17. Rbb1 Nxc4 18. Bxc4 Qxc4 19. Rfc1 Bxc3 20. Rxc3 Qa6 21.
Bg5 Nf6 22. Rc7 Ne4 23. Qd4 Qe2 24. Rb2 Qa6 25. Rxe7 Rf7 26. Re8+ Rf8 27. Bh6
Kf7 28. Rxf8+ 1-0

[Event "III Trofeo Antica Scuola Napoletana A"]
[Site "Napoli ITA"]
[Date "2015.01.15"]
[Round "5"]
[White "Pellegrino, Carlo"]
[Black "Baccelliere, Antonio"]
[WhiteElo "1584"]
[BlackElo "1698"]
[Result "1/2-1/2"]
[PlyCount "38"]
[EventDate "2014.12.04"]

1. d4 b6 2. Nf3 Bb7 3. e3 Nf6 4. b3 e6 5. Bb2 Bb4+ 6. c3 Be7 7. Bd3 d6 8. O-O
Nc6 9. Qe2 Qd7 10. Nbd2 h6 11. e4 e5 12. dxe5 Nxe5 13. Nxe5 dxe5 14. Rad1 O-O-O
15. Ba6 Kb8 16. Bxb7 Kxb7 17. Nf3 Qe6 18. c4 Nd7 19. Bc3 f6 1/2-1/2

[Event "III Trofeo Antica Scuola Napoletana A"]
[Site "Napoli ITA"]
[Date "2015.01.15"]
[Round "5"]
[White "Schiappoli, Dario"]
[Black "Di Gennaro, Antonio"]
[WhiteElo "1870"]
[BlackElo "1668"]
[Result "1-0"]
[PlyCount "51"]
[EventDate "2014.12.04"]

1. e4 c5 2. Nf3 d6 3. d4 cxd4 4. Nxd4 Nf6 5. Nc3 a6 6. Bc4 e6 7. a3 Be7 8. O-O
O-O 9. Qe2 Nc6 10. Be3 Nxd4 11. Bxd4 b5 12. Bb3 e5 13. Be3 Bb7 14. f3 Rc8 15.
Rad1 Qc7 16. g4 h6 17. Qf2 Qd7 18. Qg3 Rfe8 19. h4 Nh7 20. g5 hxg5 21. hxg5 g6
22. Rf2 Qd8 23. Rg2 Bf8 24. Qh4 Bg7 25. Rgd2 Bf8 26. Rh2 1-0

[Event "III Trofeo Antica Scuola Napoletana A"]
[Site "Napoli ITA"]
[Date "2015.01.15"]
[Round "5"]
[White "Supino, Domenico"]
[Black "De Rosa, Francesco"]
[WhiteElo "2040"]
[BlackElo "1919"]
[Result "0-1"]
[PlyCount "85"]
[EventDate "2014.12.04"]

1. d4 d5 2. c4 c6 3. Nf3 Nf6 4. e3 Bf5 5. Nc3 e6 6. Be2 Nbd7 7. O-O Bd6 8. cxd5
exd5 9. a4 a5 10. Bd3 Bxd3 11. Qxd3 O-O 12. Bd2 Re8 13. Qf5 h6 14. Ne2 Ne4 15.
Bc3 g6 16. Qh3 Kg7 17. Ng3 Ng5 18. Nxg5 hxg5 19. Qg4 f5 20. Qd1 Nf6 21. Re1 Qc7
22. Nf1 Rh8 23. g3 Ne4 24. Qc2 g4 25. Qe2 Ng5 26. Nd2 Rh6 27. Kg2 Rah8 28. Rh1
Qe7 29. Bxa5 Nf3 30. Nxf3 Qe4 31. Qd1 gxf3+ 32. Kg1 Bxg3 33. Qb3 Bh4 34. Qxb7+
Be7 35. Qc7 Kf7 36. Kf1 Qd3+ 37. Kg1 Rh5 38. h4 Rxh4 39. Rxh4 Rxh4 40. Qxc6 Qe4
41. Bc7 Rg4+ 42. Bg3 Rxg3+ 43. Kh2 0-1

[Event "III Trofeo Antica Scuola Napoletana A"]
[Site "Napoli ITA"]
[Date "2015.01.15"]
[Round "5"]
[White "Taurisano, Vincenzo"]
[Black "Buiano, Fabio"]
[WhiteElo "1887"]
[BlackElo "2104"]
[Result "0-1"]
[PlyCount "48"]
[EventDate "2014.12.04"]

1. e4 c5 2. Nf3 g6 3. d4 cxd4 4. Nxd4 Nc6 5. Nc3 Bg7 6. Be3 Nf6 7. f3 O-O 8.
Bc4 Qb6 9. Bb3 Nxe4 10. Nd5 Qa5+ 11. c3 Nc5 12. O-O Nxb3 13. Nxc6 dxc6 14.
Nxe7+ Kh8 15. axb3 Qe5 16. Nxg6+ hxg6 17. Bd4 Qd5 18. Ra4 Be6 19. Qd2 Bxd4+ 20.
Rxd4 Qh5 21. g3 Kg7 22. Rh4 Qc5+ 23. Kg2 Rh8 24. Rd4 Bh3+ 0-1

[Event "III Trofeo Antica Scuola Napoletana A"]
[Site "Napoli ITA"]
[Date "2015.01.15"]
[Round "5"]
[White "Zinnai, Graziano Matteo"]
[Black "Lombardo, Michele"]
[WhiteElo "2063"]
[BlackElo "2080"]
[Result "1-0"]
[PlyCount "53"]
[EventDate "2014.12.04"]

1. e4 g6 2. d4 Bg7 3. Nf3 c6 4. c3 d5 5. Nbd2 Bg4 6. Bd3 e6 7. O-O Ne7 8. h3
Bxf3 9. Qxf3 Nd7 10. Re1 Qc7 11. Nf1 Nf6 12. Ng3 dxe4 13. Nxe4 Nxe4 14. Rxe4 a6
15. Bf4 Qb6 16. Bd6 Nf5 17. Bc5 Qc7 18. Re2 Ne7 19. Rae1 O-O 20. Bc4 Rae8 21.
Qg4 h5 22. Qg5 b6 23. Ba3 Kh7 24. Bxe6 fxe6 25. Rxe6 Rf5 26. Qg3 Nd5 27. Qxg6+
1-0

[Event "III Trofeo Antica Scuola Napoletana B"]
[Site "Napoli ITA"]
[Date "2014.12.11"]
[Round "1"]
[White "Cuccaro, Giuseppina"]
[Black "Baccelliere, Riccardo"]
[WhiteElo "1470"]
[BlackElo "1287"]
[Result "1-0"]
[PlyCount "83"]
[EventDate "2014.12.04"]

1. e4 e5 2. d3 Nc6 3. Nf3 Nf6 4. g3 Bc5 5. Bg2 Ng4 6. O-O O-O 7. h3 Nf6 8. c3
Bb6 9. Nbd2 d5 10. Re1 dxe4 11. Nxe4 Nxe4 12. dxe4 Qxd1 13. Rxd1 Be6 14. Ng5
Rad8 15. Re1 Rd6 16. Be3 Bxe3 17. Rxe3 Rd2 18. b3 Bd7 19. h4 f6 20. Nf3 Rc2 21.
Ne1 Rd2 22. Nd3 Na5 23. Nc5 b6 24. Nxd7 Rxd7 25. Bh3 Rd2 26. h5 c5 27. Be6+ Kh8
28. Rf3 Rfd8 29. Bd5 b5 30. b4 Nc4 31. bxc5 Nb2 32. c6 Rc2 33. Rb1 a6 34. a3
Nc4 35. Bxc4 bxc4 36. c7 Rc8 37. Rb8 Rc1+ 38. Kg2 h6 39. Rxc8+ Kh7 40. Ra8 Rd1
41. c8=Q Rd6 42. Qh8# 1-0

[Event "III Trofeo Antica Scuola Napoletana B"]
[Site "Napoli ITA"]
[Date "2014.12.11"]
[Round "1"]
[White "Di Giovine, Massimo"]
[Black "Brighel, Francesco"]
[WhiteElo "1440"]
[BlackElo "1503"]
[Result "0-1"]
[PlyCount "72"]
[EventDate "2014.12.04"]

1. d4 d5 2. e3 g6 3. c4 e6 4. a3 b6 5. Nf3 Bg7 6. Bd2 Ne7 7. Bd3 Bb7 8. Bc3 O-O
9. Nbd2 Nd7 10. O-O c5 11. Rc1 Nc6 12. Qe2 Nf6 13. e4 dxe4 14. Nxe4 Nxd4 15.
Nxd4 cxd4 16. Bb4 Bxe4 17. Bxf8 Bxd3 18. Qxd3 Bxf8 19. Rfe1 Rc8 20. b3 Bg7 21.
b4 Qd6 22. Rc2 Nd7 23. g3 e5 24. Rce2 f5 25. Qb3 Kh8 26. g4 d3 27. Re3 e4 28.
gxf5 gxf5 29. Rg3 Bd4 30. Kg2 Qf4 31. Rf1 Ne5 32. c5 Ng6 33. Qe6 Rg8 34. Qa2
Nh4+ 35. Kh1 Rxg3 36. fxg3 Qxf1# 0-1

[Event "III Trofeo Antica Scuola Napoletana B"]
[Site "Napoli ITA"]
[Date "2014.12.11"]
[Round "1"]
[White "Tassaro, Renato"]
[Black "Buonanno, Matteo Giovanni"]
[WhiteElo "1491"]
[BlackElo "1345"]
[Result "0-1"]
[PlyCount "116"]
[EventDate "2014.12.04"]

1. e4 c5 2. Nf3 d6 3. d4 cxd4 4. Nxd4 Nf6 5. Nc3 a6 6. Be2 g6 7. O-O Bg7 8. h3
O-O 9. Re1 Re8 10. Qd3 b5 11. a3 Bb7 12. Bg5 Nbd7 13. Bf3 Ne5 14. Qd2 Nc4 15.
Qc1 Qb6 16. Be3 Nxe3 17. Qxe3 e5 18. Nb3 Qxe3 19. Rxe3 Bh6 20. Re2 Rad8 21. Rd1
Nd7 22. Na5 Ba8 23. Rxd6 Nc5 24. Rb6 Bf4 25. b4 Na4 26. g3 Nxc3 27. gxf4 Nxe2+
28. Bxe2 Rd2 29. Bd3 exf4 30. Nb3 Rd1+ 31. Kg2 Bxe4+ 32. Bxe4 Rxe4 33. Kf3 Re6
34. Rb8+ Kg7 35. Kxf4 Rde1 36. Nc5 Rf6+ 37. Kg3 Rf1 38. Ne4 Rf5 39. Rd8 Re1 40.
Rd4 Re5 41. f3 f5 42. Nc5 Rg1+ 43. Kf2 Rge1 44. Rd2 Ra1 45. Rd3 Ra2 46. f4
Rxc2+ 47. Kg3 Re1 48. Nxa6 Rce2 49. Kf3 Ra2 50. Nc7 Rf1+ 51. Kg3 Rg1+ 52. Kf3
Rh1 53. Kg3 Rah2 54. Rd7+ Kh6 55. Nxb5 Rxh3+ 56. Kg2 R1h2+ 57. Kg1 Ra2 58. Ra7
Rb3 0-1

[Event "III Trofeo Antica Scuola Napoletana B"]
[Site "Napoli ITA"]
[Date "2014.12.18"]
[Round "2"]
[White "Baccelliere, Riccardo"]
[Black "Di Giovine, Massimo"]
[WhiteElo "1287"]
[BlackElo "1440"]
[Result "0-1"]
[PlyCount "52"]
[EventDate "2014.12.04"]

1. e4 c5 2. d3 Nc6 3. Nc3 e6 4. Nf3 d6 5. g3 Nf6 6. Bg2 Be7 7. O-O O-O 8. Bg5
a6 9. d4 cxd4 10. Nxd4 Nxd4 11. Qxd4 Ng4 12. Bh3 e5 13. Qd5 Bxg5 14. Bxg4 Bxg4
15. Qxb7 Be6 16. h4 Be7 17. Rad1 f5 18. exf5 Bxf5 19. Nd5 Rf7 20. Nc7 Rb8 21.
Qa7 Bf8 22. f3 Rxc7 23. Qxa6 Rxc2 24. g4 Be6 25. b3 Qxh4 26. Rfe1 Qf2+ 0-1

[Event "III Trofeo Antica Scuola Napoletana B"]
[Site "Napoli ITA"]
[Date "2014.12.18"]
[Round "2"]
[White "Brighel, Francesco"]
[Black "Cuccaro, Giuseppina"]
[WhiteElo "1503"]
[BlackElo "1470"]
[Result "1-0"]
[PlyCount "87"]
[EventDate "2014.12.04"]

1. d4 g6 2. Bf4 Bg7 3. e3 e6 4. Be2 d6 5. Nf3 b6 6. h3 Bb7 7. Nbd2 Nd7 8. c4
Ne7 9. O-O O-O 10. Rc1 c5 11. Bxd6 cxd4 12. Nxd4 Re8 13. Bf3 Bxf3 14. Qxf3 Ne5
15. Bxe5 Bxe5 16. N2b3 Nf5 17. Rfd1 Qg5 18. Nxf5 exf5 19. Rd7 Bxb2 20. Rcd1 Bf6
21. Rb7 Rac8 22. Rdd7 Re7 23. Rxe7 Bxe7 24. Qd5 Rd8 25. Rd7 a5 26. Nd4 Rxd7 27.
Qxd7 Bc5 28. Nc6 Qf6 29. Qe8+ Kg7 30. Ne5 f4 31. exf4 Qxf4 32. Nd3 Qxc4 33.
Qe5+ Kh6 34. Nxc5 bxc5 35. g4 Qc1+ 36. Kg2 Qg5 37. Qe8 Qd5+ 38. Kg3 Qd6+ 39.
Kg2 Qe6 40. Qf8+ Kg5 41. Qxc5+ Kh4 42. Qc3 Qxa2 43. Qf6+ g5 44. Qh6# 1-0

[Event "III Trofeo Antica Scuola Napoletana B"]
[Site "Napoli ITA"]
[Date "2014.12.18"]
[Round "2"]
[White "Tassaro, Renato"]
[Black "Pesce, Giuseppe"]
[WhiteElo "1491"]
[BlackElo "1311"]
[Result "1-0"]
[PlyCount "41"]
[EventDate "2014.12.04"]

1. e4 e5 2. Nf3 Nc6 3. Bc4 g5 4. h3 d6 5. d4 g4 6. Ng5 h6 7. Nxf7 Qf6 8. Nxh8
Qxh8 9. hxg4 Nxd4 10. c3 Nc6 11. g5 Qg7 12. Qh5+ Kd8 13. Be3 Be7 14. Bxg8 Qxg8
15. Qxh6 Qc4 16. Nd2 Qf7 17. Qh8+ Kd7 18. Rh7 Qg6 19. Rh6 Qf7 20. g6 Qe8 21. g7
1-0

[Event "III Trofeo Antica Scuola Napoletana B"]
[Site "Napoli ITA"]
[Date "2015.01.08"]
[Round "3"]
[White "Baccelliere, Donato"]
[Black "Brighel, Francesco"]
[WhiteElo "1488"]
[BlackElo "1503"]
[Result "1-0"]
[PlyCount "69"]
[EventDate "2014.12.04"]

1. e4 g6 2. Nf3 d6 3. d4 Bg7 4. Nc3 e6 5. Bc4 Ne7 6. O-O b6 7. Re1 Bb7 8. Bb5+
Nd7 9. Bg5 h6 10. Bh4 g5 11. Bg3 a6 12. Ba4 b5 13. Bb3 Ng6 14. d5 e5 15. h3 Nf6
16. a4 b4 17. Nb1 Bc8 18. a5 g4 19. Ba4+ Bd7 20. hxg4 Bxa4 21. Rxa4 Qd7 22.
Rxb4 Nxg4 23. Nh4 h5 24. Nf5 O-O 25. Qd2 Kh7 26. Qg5 Nf6 27. Re3 Rg8 28. Rf3
Ne7 29. Nxg7 Rxg7 30. Qxf6 Rag8 31. Qh4 Rh8 32. Qh3 Qe8 33. Rb7 Kg8 34. Rfb3 f6
35. Rb8 1-0

[Event "III Trofeo Antica Scuola Napoletana B"]
[Site "Napoli ITA"]
[Date "2015.01.08"]
[Round "3"]
[White "Pesce, Giuseppe"]
[Black "Baccelliere, Riccardo"]
[WhiteElo "1311"]
[BlackElo "1287"]
[Result "1-0"]
[PlyCount "21"]
[EventDate "2014.12.04"]

1. e4 e5 2. Nf3 Nc6 3. Bc4 Nf6 4. Nc3 Bb4 5. O-O Bxc3 6. dxc3 Nxe4 7. Qd5 Nd6
8. Ng5 Qe7 9. Re1 O-O 10. Qd3 Nxc4 11. Qxh7# 1-0

[Event "III Trofeo Antica Scuola Napoletana B"]
[Site "Napoli ITA"]
[Date "2015.01.15"]
[Round "4"]
[White "Baccelliere, Riccardo"]
[Black "Tassaro, Renato"]
[WhiteElo "1287"]
[BlackElo "1491"]
[Result "0-1"]
[PlyCount "78"]
[EventDate "2014.12.04"]

1. e4 c5 2. d3 d6 3. Be3 Nf6 4. d4 b6 5. Bb5+ Bd7 6. Bc4 e6 7. e5 dxe5 8. dxe5
Ne4 9. Qf3 Bc6 10. Nc3 Nxc3 11. Qg3 Nd5 12. Bxd5 Bxd5 13. O-O-O Qc8 14. Ne2 Qa6
15. a3 Qxe2 16. Rd2 Qh5 17. Qf4 Qh6 18. Qa4+ Bc6 19. Qg4 Qg6 20. Bg5 Be7 21.
Bxe7 Qxg4 22. Rd8+ Kxe7 23. Rxh8 Qf4+ 24. Kb1 Nd7 25. Rxh7 Nxe5 26. Rxg7 Qxf2
27. Rc1 Rd8 28. h4 Qxh4 29. g3 Qh6 30. Rxf7+ Kxf7 31. Rf1+ Ke7 32. Re1 Qh5 33.
Rc1 Bf3 34. Rf1 Rd1+ 35. Rxd1 Bxd1 36. Kc1 Kf6 37. Kd2 Nc4+ 38. Kd3 Qe2+ 39.
Kc3 Qxc2# 0-1

[Event "III Trofeo Antica Scuola Napoletana B"]
[Site "Napoli ITA"]
[Date "2015.01.15"]
[Round "4"]
[White "Brighel, Francesco"]
[Black "Buonanno, Matteo Giovanni"]
[WhiteElo "1503"]
[BlackElo "1345"]
[Result "1-0"]
[PlyCount "91"]
[EventDate "2014.12.04"]

1. d4 Nf6 2. Bf4 g6 3. e3 Bg7 4. Be2 O-O 5. h4 c5 6. c3 d5 7. h5 Qb6 8. b3 Qa5
9. hxg6 fxg6 10. Nf3 Bf5 11. Bd3 Bxd3 12. Qxd3 Qa6 13. Qc2 Qa5 14. Nbd2 Nc6 15.
Ne5 Nxe5 16. Bxe5 Ng4 17. Nf3 cxd4 18. b4 Qb5 19. exd4 Nxe5 20. Nxe5 Bxe5 21.
dxe5 Rf5 22. O-O-O Rxe5 23. Rhe1 Rxe1 24. Rxe1 Qd7 25. Kb2 Re8 26. f4 Rc8 27.
Qd3 Rc4 28. g3 Qb5 29. Qe3 Re4 30. Qd2 Rxe1 31. Qxe1 Qd3 32. Qxe7 Qxg3 33. Qd8+
Kg7 34. Qxd5 Qxf4 35. Qxb7+ Qf7 36. Qe4 Qf2+ 37. Kb3 h5 38. c4 h4 39. c5 h3 40.
Qe5+ Kh6 41. Qh8+ Kg5 42. Qxh3 Qf7+ 43. Ka3 Kf6 44. c6 Kg7 45. Qd7 Qxd7 46.
cxd7 1-0

[Event "III Trofeo Antica Scuola Napoletana B"]
[Site "Napoli ITA"]
[Date "2015.01.15"]
[Round "4"]
[White "Cuccaro, Giuseppina"]
[Black "Pesce, Giuseppe"]
[WhiteElo "1470"]
[BlackElo "1311"]
[Result "1-0"]
[PlyCount "65"]
[EventDate "2014.12.04"]

1. c4 e5 2. Nc3 Nf6 3. e3 Bc5 4. d4 exd4 5. exd4 Qe7+ 6. Be2 Bb4 7. Bd2 c6 8.
Nf3 O-O 9. O-O d5 10. a3 Bd6 11. Re1 Ne4 12. cxd5 f5 13. Bd3 Qf6 14. Nxe4 fxe4
15. Bxe4 cxd5 16. Bxd5+ Kh8 17. h3 h6 18. Rc1 Na6 19. Qb3 Rb8 20. Re2 Qg6 21.
Be6 Qh5 22. Bxc8 Nc7 23. Bg4 Qg6 24. Ne5 Bxe5 25. dxe5 h5 26. Bf3 Ne6 27. Rc4
Rbd8 28. Rh4 Kg8 29. Bxh5 Qf5 30. Bg4 Qg6 31. Bxe6+ Rf7 32. Bxf7+ Qxf7 33.
Qxf7+ 1-0

[Event "I Festival dell'Etna A"]
[Site "Nicolosi ITA"]
[Date "2014.12.05"]
[Round "1"]
[White "Amato, Angelo"]
[Black "Favaloro, Andrea"]
[WhiteElo "1659"]
[BlackElo "2026"]
[Result "0-1"]
[PlyCount "74"]
[EventDate "2014.12.05"]

1. e4 c5 2. Nf3 g6 3. d3 Bg7 4. Be3 Bxb2 5. Nbd2 b6 6. Rb1 Bg7 7. g3 Nc6 8. Bh3
Nf6 9. O-O O-O 10. Rb3 d5 11. Bxc8 Rxc8 12. exd5 Nxd5 13. Nb1 Qd7 14. c4 Nc7
15. a4 Rfd8 16. Qd2 Qg4 17. Kg2 Na5 18. h3 Nxb3 19. hxg4 Nxd2 20. Nbxd2 Rxd3
21. Rd1 Rcd8 22. g5 Ra3 23. Rb1 Rxa4 24. Bf4 Ne6 25. Be3 Nd4 26. Bf4 Nxf3 27.
Nxf3 Rxc4 28. Be5 Bxe5 29. Nxe5 Rc2 30. Rf1 b5 31. Nc6 Rd7 32. Ne5 Rd6 33. Ra1
a6 34. Re1 b4 35. Re3 c4 36. Rf3 f6 37. gxf6 Rxf6 0-1

[Event "I Festival dell'Etna A"]
[Site "Nicolosi ITA"]
[Date "2014.12.05"]
[Round "1"]
[White "Astorina, Davide"]
[Black "Baiocchi, Emanuele"]
[WhiteElo "1563"]
[BlackElo "1947"]
[Result "0-1"]
[PlyCount "60"]
[EventDate "2014.12.05"]

1. d4 d5 2. c4 c6 3. Nf3 Nf6 4. e3 Bf5 5. Bd3 Bg6 6. Ne5 e6 7. c5 Nbd7 8. f4
Nxe5 9. fxe5 Ne4 10. O-O Be7 11. Nd2 Bg5 12. Nf3 Bh6 13. Bd2 O-O 14. Qe2 Bh5
15. Be1 Ng5 16. Kh1 f6 17. h4 Ne4 18. Bf2 fxe5 19. dxe5 Nxc5 20. e4 dxe4 21.
Bxc5 exd3 22. Qf2 Rf7 23. Bd6 Rf4 24. Qc5 Bxf3 25. Rxf3 Rxf3 26. gxf3 Qxh4+ 27.
Kg2 d2 28. Rg1 Bf4 29. Qf2 Qh2+ 30. Kf1 d1=Q+ 0-1

[Event "I Festival dell'Etna A"]
[Site "Nicolosi ITA"]
[Date "2014.12.05"]
[Round "1"]
[White "Bandieramonte, Enrico"]
[Black "Valguarnera, Girolamo"]
[WhiteElo "1665"]
[BlackElo "2080"]
[Result "0-1"]
[PlyCount "196"]
[EventDate "2014.12.05"]

1. Nf3 Nf6 2. g3 g6 3. Nc3 Bg7 4. d3 O-O 5. Bg2 c5 6. e4 d6 7. O-O Nc6 8. a3
Bd7 9. Bg5 Nd4 10. Rb1 Bg4 11. h3 Nxf3+ 12. Bxf3 Bxh3 13. Bxf6 Bxf6 14. Bg2
Bxg2 15. Kxg2 Qd7 16. Nd5 Bg7 17. Rh1 e6 18. Ne3 f5 19. exf5 Qc6+ 20. Qf3 Qxf3+
21. Kxf3 gxf5 22. Nc4 Rad8 23. b4 cxb4 24. Rxb4 b6 25. Ne3 Rc8 26. Rbh4 h6 27.
Rxh6 Bxh6 28. Rxh6 Rce8 29. Nc4 Kg7 30. Rh1 Rd8 31. a4 Rf7 32. Re1 e5 33. Na3
Rc7 34. c4 Rf7 35. Nb5 e4+ 36. dxe4 fxe4+ 37. Ke3 Rf3+ 38. Kxe4 Rxf2 39. Kd5
Rd2+ 40. Kc6 Rc8+ 41. Nc7 Rh8 42. Ne8+ Kg6 43. Nxd6 Ra2 44. Kb5 Rh5+ 45. Kb4
Ra5 46. Re6+ Kh5 47. Nb5 R2xa4+ 48. Kb3 Ra1 49. Nc3 Kg4 50. Rg6+ Rg5 51. Rd6
Rga5 52. Rg6+ Kf5 53. Rd6 Rg1 54. Rd3 Ke6 55. Re3+ Kd7 56. Rd3+ Ke6 57. Re3+
Re5 58. Rd3 Kf5 59. Nb5 Re4 60. Rd6 Rxg3+ 61. Kb4 Re7 62. Rd4 Ke5 63. Rd5+ Kf6
64. Rd6+ Kf7 65. Rd1 Kg7 66. Ra1 a5+ 67. Ka4 Rd7 68. Rb1 Rdd3 69. Rb2 Kf8 70.
Rh2 Rg4 71. Rh8+ Ke7 72. Rh7+ Kf6 73. Na3 Ke5 74. Rh6 Rd6 75. Rh5+ Ke6 76. Rh6+
Kd7 77. Rh5 Kc6 78. Rh8 b5+ 79. Kxa5 bxc4 80. Rc8+ Kd5 81. Kb5 Rg7 82. Rc5+ Kd4
83. Nc2+ Kd3 84. Nb4+ Kc3 85. Rxc4+ Kb3 86. Kc5 Rh6 87. Nd5 Rc6+ 88. Kxc6 Kxc4
89. Ne3+ Kd3 90. Nd5 Rg6+ 91. Kd7 Kd4 92. Nf4 Rh6 93. Ne6+ Ke5 94. Nf8 Ra6 95.
Kc7 Kd5 96. Kb7 Rf6 97. Nd7 Rf7 98. Kc8 Kd6 0-1